Alamaki/ (Record no. 206909)

MARC details
000 -LEADER
fixed length control field 00527nam a22001937a 4500
005 - DATE AND TIME OF LATEST TRANSACTION
control field 20241106124458.0
010 ## - LCCN (DPL NO)
LC control number ENG-142585
020 ## - INTERNATIONAL STANDARD BOOK NUMBER
Terms of availability 450.00
International Standard Book Number 978938770748
035 ## - SYSTEM CONTROL NUMBER
System control number EN-126117
037 ## - SOURCE OF ACQUISITION
Source of stock number/acquisition DBAD
082 ## - DEWEY DECIMAL CLASSIFICATION NUMBER
Classification number N
Edition number First
100 ## - MAIN ENTRY--PERSONAL NAME
Personal name Elangovan
245 ## - TITLE STATEMENT
Title Alamaki/
Statement of responsibility, etc By Elangovan
250 ## - EDITION STATEMENT
Edition statement First
260 ## - PUBLICATION, DISTRIBUTION, ETC. (IMPRINT)
Place of publication, distribution, etc Chennai
Name of publisher, distributor, etc Zero Degree Publishing
Date of publication, distribution, etc 2018
270 ## - ADDRESS
City Chennai
Address G4,Govardan, nno.47, Dr. Ranga Road,Mylapore
Postal code 600004
Telephone number 9840065000
300 ## - PHYSICAL DESCRIPTION
Extent 255p.
Dimensions 22cm(Pb)
942 ## - ADDED ENTRY ELEMENTS (KOHA)
Source of classification or shelving scheme Dewey Decimal Classification
Item type English Books
Classification part N
Call number suffix ELA
Holdings
Withdrawn status Lost status Not for loan Collection code Home library Current library Date acquired Source of acquisition Cost, normal purchase price Full call number Barcode Copy number Cost, replacement price Koha item type
      Fiction Bawana Bawana 06/11/2024 DBAD 450.00 N ELA EN-126117 1 450.00 English Books

© Delhi Public Library
Hit Counter
free hit counter